Overlord. (Record no. 359259)
[ view plain ]
| 000 -LEADER | |
|---|---|
| fixed length control field | 02250nam a2200469Ki 4500 |
| 001 - CONTROL NUMBER | |
| control field | ocn952043247 |
| 003 - CONTROL NUMBER IDENTIFIER | |
| control field | OCoLC |
| 005 - DATE AND TIME OF LATEST TRANSACTION | |
| control field | 20240801142206.0 |
| 008 - FIXED-LENGTH DATA ELEMENTS--GENERAL INFORMATION | |
| fixed length control field | 160622s2016 nyua e 000 1 eng |
| 010 ## - LIBRARY OF CONGRESS CONTROL NUMBER | |
| LC control number | 2016000142 |
| 020 ## - INTERNATIONAL STANDARD BOOK NUMBER | |
| International Standard Book Number | 9780316272247 |
| Qualifying information | (hardcover) |
| 020 ## - INTERNATIONAL STANDARD BOOK NUMBER | |
| International Standard Book Number | 0316272248 |
| Qualifying information | (hardcover) |
| 035 ## - SYSTEM CONTROL NUMBER | |
| System control number | (OCoLC)952043247 |
| 040 ## - CATALOGING SOURCE | |
| Original cataloging agency | NTG |
| Language of cataloging | eng |
| Description conventions | rda |
| Transcribing agency | NTG |
| 041 1# - LANGUAGE CODE | |
| Language code of text/sound track or separate title | eng |
| Language code of original and/or intermediate translations of text | jpn |
| 082 ## - DEWEY DECIMAL CLASSIFICATION NUMBER | |
| Edition number | 895.13 |
| 092 ## - LOCALLY ASSIGNED DEWEY CALL NUMBER (OCLC) | |
| Classification number | 895.13 |
| 100 1# - MAIN ENTRY--PERSONAL NAME | |
| Personal name | Maruyama, Kugane, |
| Relator term | author. |
| 9 (RLIN) | 6408577 |
| 240 10 - UNIFORM TITLE | |
| Uniform title | <a href="Ōbārōdo.">Ōbārōdo.</a> |
| Language of a work | English. |
| 245 10 - TITLE STATEMENT | |
| Title | Overlord. |
| Number of part/section of a work | Volume 1, |
| Name of part/section of a work | The undead king / |
| Statement of responsibility, etc | Kugane Maruyama ; illustration by so-bin ; translation by Emily Balistrieri. |
| 246 30 - VARYING FORM OF TITLE | |
| Title proper/short title | Undead king. |
| 250 ## - EDITION STATEMENT | |
| Edition statement | First Yen On edition. |
| 264 #1 - Production, Publication, Distribution, Manufacture, and Copyright Notice. | |
| Place of production, publication, distribution, manufacture | New York, NY : |
| Name of producer, publisher, distributor, manufacturer | Yen On, an imprint of Hachette Book Group, Inc., |
| Date of production, publication, distribution, manufacture, or copyr | 2016. |
| 300 ## - PHYSICAL DESCRIPTION | |
| Extent | 246 pages : |
| Other physical details | color illustrations ; |
| Dimensions | 22 cm. |
| 336 ## - Content Type | |
| Content type term | text |
| 337 ## - Media type | |
| Media type term | unmediated |
| 338 ## - Carrier type | |
| Carrier type term | volume |
| 490 ## - SERIES STATEMENT | |
| Series statement | Overlord; |
| Volume number/sequential designation | 1. |
| 500 ## - GENERAL NOTE | |
| General note | "First published in Japan in 2012 by Kadokawa Corporation Enterbrain"--Title page verso. |
| 520 ## - SUMMARY, ETC. | |
| Summary, etc | For twelve years, the virtual world of Yggdrasil has served as the playground and battlefield for the skeletal overlord Momonga and his guild of of fellow monsters, Ainz Ooal Gown. But the guild's glory days are over, and the game is shutting down permanently. When Mononga logs in one last time just to be there when the servers go dark, something happens--and suddenly, fantasy is reality. A rogues' gallery of fanatically devoted NPCs is ready to obey his every order, but the world Momonga now inhabits is not the one he remembers. The game may be over, but the epic tale of Ainz Ooal Gown is only beginning. |
| 546 ## - LANGUAGE NOTE | |
| Language note | Translated from the Japanese. |
| 650 #0 - SUBJECT ADDED ENTRY--TOPICAL TERM | |
| Topical term or geographic name as entry element | Alternate reality games |
| Form subdivision | Fiction. |
| 9 (RLIN) | 6408581 |
| 650 #0 - SUBJECT ADDED ENTRY--TOPICAL TERM | |
| Topical term or geographic name as entry element | Internet games |
| Form subdivision | Fiction. |
| 9 (RLIN) | 5706264 |
| 650 #0 - SUBJECT ADDED ENTRY--TOPICAL TERM | |
| Topical term or geographic name as entry element | Video games |
| Form subdivision | Fiction. |
| 9 (RLIN) | 5684848 |
| 655 #7 - INDEX TERM--GENRE/FORM | |
| Genre/form data or focus term | Science fiction. |
| Source of term | lcgft. |
| 655 #7 - INDEX TERM--GENRE/FORM | |
| Genre/form data or focus term | Fantasy fiction. |
| Source of term | lcgft. |
| 655 #7 - INDEX TERM--GENRE/FORM | |
| Genre/form data or focus term | Action and adventure fiction. |
| Source of term | lcgft. |
| 700 0# - ADDED ENTRY--PERSONAL NAME | |
| Personal name | So-bin, |
| Relator term | illustrator. |
| 9 (RLIN) | 6408579 |
| 700 1# - ADDED ENTRY--PERSONAL NAME | |
| Personal name | Balistrieri, Emily, |
| Relator term | translator. |
| 9 (RLIN) | 6408580 |
| 907 ## - LOCAL DATA ELEMENT G, LDG (RLIN) | |
| a | .b37226928x |
| 942 ## - ADDED ENTRY ELEMENTS (KOHA) | |
| Source of classification or shelving scheme | Dewey Decimal Classification |
| Koha item type | BOOK |
| Withdrawn status | Lost status | Source of classification or shelving scheme | Damaged status | Not for loan | Collection code | Home library | Current library | Shelving location | Date acquired | Source of acquisition | Serial Enumeration / chronology | Total Checkouts | Total Renewals | Full call number | Barcode | Date last seen | Date checked out | Cost, replacement price | Price effective from | Koha item type |
|---|---|---|---|---|---|---|---|---|---|---|---|---|---|---|---|---|---|---|---|---|
| Dewey Decimal Classification | Young Adult Fiction | Wasatch County Library | Wasatch County Library | Main Floor Teen Area | 04/23/2024 | Amazon | #1 Overlord | 3 | 4 | YA Maruyama | 34301002073254 | 01/23/2025 | 08/24/2024 | 20.00 | 04/23/2024 | BOOK |
